000 00615nam a22002177a 4500
999 _c8239
_d8239
003 AR-CdUCM
008 190322b ||||| |||| 00| 0 spa d
040 _aMUNICIPALIDAD PROVINCIAL DEL CUSCO
_cBIBLIOTECA MUNICIPAL DEL CUSCO
082 _a869.32 /
_bD23
100 _aDanke, Jacobo
_923194
245 _aCoros del arbol y de la piedra /
260 _aSantiago :
_bCentral de talleres,
_c1957.
300 _a33 paginas ;
_c21 cm.
500 _aPoemas
650 _aPoesias
_92556
650 _aChile
_91150
650 _aLiteratura
_983
650 _aromanticismo
_95622
942 _2ddc
_cLIBROS
945 _apjha